Statistics for Same Name, Different Place Sports Teams

Click here to take the quiz!

General Stats

  • This quiz has been taken 55 times
  • The average score is 9 of 11

Answer Stats

HintAnswer% Correct
San Francisco, New YorkGiants
98%
Arizona, St LouisCardinals
92%
Atlanta, Air Force AcademyFalcons
90%
Sacramento, Los AngelesKings
90%
Philadelphia, Boston CollegeEagles
88%
Winnipeg, New YorkJets
88%
University of Wyoming, DallasCowboys
87%
Florida, CarolinaPanthers
87%
Detroit, ClemsonTigers
87%
Texas, New YorkRangers
81%
Rice University, Florida Atlantic UniversityOwls
31%

Score Distribution

Percentile by Number Answered

Percent of People with Each Score

Your Score History

You have not taken this quiz